[Event "DEM U14w 2015"]
[Site "Willingen GER"]
[Date "2015.05.25"]
[Round "3"]
[White "Schulze, Lara"]
[Black "Sanati, Charlotte"]
[Result "0-1"]
[Termination "normal"]
[Board "1"]
[WhiteElo "1874"]
[BlackElo "1862"]
[WhiteClock "00:00:48"]
[BlackClock "00:02:05"]
[PlyCount "70"]
[WhiteFideId "12956830"]
[BlackFideId "12907707"]
[EventCountry "GER"]
[EventRounds "9"]
[EventType "swiss"]
[EventDate "2015.05.23"]

1. e4 e6 2. d4 d5 3. Nc3 Bb4 4. e5 c5 5. a3 Bxc3+ 6. bxc3 Ne7 7. Qg4 Qc7 8.
Qxg7 Rg8 9. Qxh7 cxd4 10. Ne2 Nbc6 11. f4 dxc3 12. Qd3 d4 13. Ng3 Nf5 14. Ne4
Ke7 15. Qc4 Qb6 16. a4 Bd7 17. Ba3+ Kd8 18. g3 Ne3 19. Qd3 Nb4 20. Bxb4 Qxb4
21. Kf2 Bxa4 22. Ra2 a5 23. Nd6 Rg7 24. Bg2 Rb8 25. Rha1 b5 26. Bc6 Qc5 27.
Nb7+ Rxb7 28. Bxb7 Bxc2 29. Rxc2 Nxc2 30. Rxa5 Nb4 31. Ra8+ Ke7 32. Qe4 d3+ 33.
Kg2 d2 34. Bc8 Qd5 35. Ra7+ Kf8 0-1

[Event "DEM U14w 2015"]
[Site "Willingen GER"]
[Date "2015.05.25"]
[Round "3"]
[White "Mütsch, Annmarie"]
[Black "Reinecke, Katharina"]
[Result "1/2-1/2"]
[Termination "normal"]
[Board "2"]
[WhiteElo "1868"]
[BlackElo "1745"]
[WhiteClock "00:07:45"]
[BlackClock "00:01:02"]
[PlyCount "283"]
[WhiteFideId "12971367"]
[BlackFideId "12929727"]
[EventCountry "GER"]
[EventRounds "9"]
[EventType "swiss"]
[EventDate "2015.05.23"]

1. e4 c6 2. d4 d5 3. Nc3 dxe4 4. Nxe4 Bf5 5. Ng3 Bg6 6. h4 h6 7. Nf3 Nd7 8. h5
Bh7 9. Bd3 Bxd3 10. Qxd3 e6 11. Bd2 Ngf6 12. O-O-O Be7 13. Kb1 Qc7 14. Ne4 Nxe4
15. Qxe4 Nf6 16. Qe2 O-O-O 17. Ne5 Bd6 18. f4 Rhf8 19. Rh3 Kb8 20. Rb3 Ka8 21.
Nc4 Bxf4 22. Ba5 Qe7 23. Bxd8 Rxd8 24. Qf3 Bc7 25. a4 Rd5 26. g4 Qd7 27. Rbd3
Qe7 28. c3 Nd7 29. Rf1 f6 30. Rfd1 Nf8 31. Ka2 Nh7 32. Qe2 Ng5 33. b3 Rd8 34.
Kb2 Rd5 35. Re1 Qd8 36. Red1 Qe7 37. Qg2 Qd8 38. Ne3 Rd7 39. Kc2 Bb6 40. b4 Qb8
41. a5 Bd8 42. Nc4 Rd5 43. Ra1 Qf4 44. Nd2 Bc7 45. a6 Qh2 46. axb7+ Kxb7 47.
Qxh2 Bxh2 48. c4 Rd7 49. Nb3 Kb8 50. Nc5 Re7 51. b5 cxb5 52. Rb1 Kc8 53. Rxb5
e5 54. dxe5 Bxe5 55. Kb3 Nf7 56. Na4 Bc7 57. Nc3 Re1 58. Rc5 Ne5 59. Rd2 Kb7
60. Rb5+ Kc8 61. Rd4 Bb6 62. c5 Bc7 63. Kc2 Rg1 64. Nd5 Bd8 65. Ne3 Rg3 66. Rb3
Rg1 67. c6 Bb6 68. Ra4 Nxc6 69. Rc3 Kd7 70. Rd3+ Ke8 71. Re4+ Ne5 72. Nc4 Bc7
73. Nxe5 Bxe5 74. Ra3 Rg2+ 75. Kd1 Rb2 76. Rxa7 Rb1+ 77. Kc2 Rb2+ 78. Kd3 Rb3+
79. Kc4 Rc3+ 80. Kd5 Kf8 81. Rb4 Rc7 82. Rxc7 Bxc7 83. Rb7 Be5 84. Ke6 Kg8 85.
Kf5 Kh7 86. Rb3 Ba1 87. Ke6 Be5 88. Kf7 f5 89. Rb5 Ba1 90. Rxf5 Bb2 91. Rf2 Ba1
92. Rc2 Bd4 93. Rc7 Ba1 94. Ke6 Bb2 95. Kf5 Ba1 96. g5 hxg5 97. Kxg5 Bf6+ 98.
Kg4 Ba1 99. Rc6 Bb2 100. h6 gxh6 101. Kh5 Kg7 102. Rxh6 Kf7 103. Rb6 Bd4 104.
Rb4 Bc5 105. Rc4 Bd6 106. Kg4 Ke6 107. Kf3 Kd5 108. Rc2 Be5 109. Ke3 Bd4+ 110.
Kd3 Be5 111. Rg2 Bf4 112. Ra2 Be5 113. Ra5+ Ke6 114. Ke4 Bc7 115. Ra7 Bd6 116.
Ra6 Kd7 117. Kd5 Bc7 118. Rh6 Ke7 119. Rh7+ Kd8 120. Kc6 Ba5 121. Rb7 Ke8 122.
Kd6 Bc3 123. Rd7 Kf8 124. Ke6 Kg8 125. Rd3 Bg7 126. Rg3 Kf8 127. Rh3 Ba1 128.
Ra3 Bb2 129. Ra8+ Kg7 130. Rb8 Ba1 131. Ke7 Kg6 132. Rb1 Bd4 133. Ke6 Kg5 134.
Rf1 Bb2 135. Kd5 Kg4 136. Ke4 Kg5 137. Rf5+ Kg6 138. Kf4 Kg7 139. Rb5 Ba1 140.
Kg5 Kf7 141. Rb6 Ke7 142. Kf5 1/2-1/2

[Event "DEM U14w 2015"]
[Site "Willingen GER"]
[Date "2015.05.25"]
[Round "3"]
[White "Rosenhain, Rachela"]
[Black "Köhler, Inken"]
[Result "1/2-1/2"]
[Termination "normal"]
[Board "3"]
[WhiteElo "1826"]
[BlackElo "1777"]
[WhiteClock "00:17:35"]
[BlackClock "00:14:25"]
[PlyCount "60"]
[WhiteFideId "12957615"]
[BlackFideId "12929301"]
[EventCountry "GER"]
[EventRounds "9"]
[EventType "swiss"]
[EventDate "2015.05.23"]

1. e4 c5 2. Nf3 e6 3. c4 Nc6 4. Nc3 Nf6 5. Be2 Be7 6. O-O O-O 7. d4 cxd4 8.
Nxd4 Bb4 9. Bf3 Bxc3 10. bxc3 Ne5 11. c5 Qa5 12. Be3 Nc4 13. Nb3 Qc7 14. Qd4
Nxe3 15. Qxe3 e5 16. Rfd1 Rd8 17. Rd3 b6 18. Rad1 Ba6 19. Rd6 Bc4 20. cxb6 axb6
21. Qxb6 Qxb6 22. Rxb6 Rxa2 23. Nc5 Kf8 24. Rb4 Be2 25. Bxe2 Rxe2 26. Kf1 Rc2
27. Nd3 Rxc3 28. Nxe5 Ke7 29. Rbd4 Rc5 30. Nf3 d5 1/2-1/2

[Event "DEM U14w 2015"]
[Site "Willingen GER"]
[Date "2015.05.25"]
[Round "3"]
[White "Walow, Xenia"]
[Black "Reitz, Theresa"]
[Result "1-0"]
[Termination "normal"]
[Board "4"]
[WhiteElo "1509"]
[BlackElo "1485"]
[WhiteClock "00:10:37"]
[BlackClock "00:00:42"]
[PlyCount "81"]
[WhiteFideId "12971839"]
[BlackFideId "12971901"]
[EventCountry "GER"]
[EventRounds "9"]
[EventType "swiss"]
[EventDate "2015.05.23"]

1. d4 Nf6 2. Nf3 g6 3. c4 Bg7 4. Nc3 c5 5. d5 e6 6. e4 O-O 7. Be3 Na6 8. h3
exd5 9. exd5 d6 10. Bd3 Nc7 11. O-O b6 12. Qc2 Rb8 13. Rac1 a6 14. Bg5 b5 15.
b3 bxc4 16. bxc4 Re8 17. Ne4 Na8 18. Rb1 Nb6 19. Rfd1 Rf8 20. Qd2 Bd7 21. Qf4
Bf5 22. Nxd6 Bxd3 23. Rxd3 Nh5 24. Qh2 Nxc4 25. Rc1 Qxd6 26. Rxc4 Qxh2+ 27.
Kxh2 h6 28. Be3 Rb2 29. Ra3 Rc8 30. Rxa6 Nf6 31. Bd4 Nxd5 32. Bxb2 Bxb2 33. Ra5
Nb4 34. Raxc5 Rxc5 35. Rxc5 Nd3 36. Rc2 Ba3 37. Rc3 Bd6+ 38. Kg1 Nb4 39. Rc8+
Kg7 40. a4 Kf6 41. Ra8 1-0

[Event "DEM U14w 2015"]
[Site "Willingen GER"]
[Date "2015.05.25"]
[Round "3"]
[White "Schneider, Jana"]
[Black "Manco, Michela"]
[Result "1-0"]
[Termination "normal"]
[Board "5"]
[WhiteElo "2037"]
[BlackElo "1607"]
[WhiteClock "00:34:01"]
[BlackClock "00:11:23"]
[PlyCount "61"]
[WhiteFideId "12924997"]
[BlackFideId "12943908"]
[EventCountry "GER"]
[EventRounds "9"]
[EventType "swiss"]
[EventDate "2015.05.23"]

1. e4 e5 2. Nf3 Nc6 3. Bc4 Bc5 4. c3 Nf6 5. d3 O-O 6. Bg5 d6 7. Nbd2 h6 8. Bh4
Qe7 9. Bb3 Be6 10. h3 Rad8 11. O-O Bb6 12. Nc4 Bxc4 13. Bxc4 Na5 14. Bb5 a6 15.
Ba4 Ra8 16. Nh2 g5 17. Bg3 h5 18. h4 g4 19. Qd2 Kh7 20. Rfe1 Ng8 21. Bc2 Kg7
22. Nf1 Nh6 23. d4 f6 24. Ne3 Ba7 25. dxe5 fxe5 26. Nf5+ Nxf5 27. exf5 Kh8 28.
Qg5 Qg7 29. b4 Nc6 30. Qxh5+ Kg8 31. Re4 1-0

[Event "DEM U14w 2015"]
[Site "Willingen GER"]
[Date "2015.05.25"]
[Round "3"]
[White "Mönster, Madita"]
[Black "Nguyen, Ha Thanh"]
[Result "1/2-1/2"]
[Termination "normal"]
[Board "6"]
[WhiteElo "1659"]
[BlackElo "1655"]
[WhiteClock "00:36:44"]
[BlackClock "00:33:26"]
[PlyCount "54"]
[WhiteFideId "12947156"]
[BlackFideId "12942154"]
[EventCountry "GER"]
[EventRounds "9"]
[EventType "swiss"]
[EventDate "2015.05.23"]

1. e4 c5 2. Nf3 Nc6 3. d4 cxd4 4. Nxd4 g6 5. c4 Bg7 6. Be3 Nf6 7. Nc3 O-O 8.
Be2 d6 9. O-O Bd7 10. Qd2 Nxd4 11. Bxd4 Bc6 12. f3 Nd7 13. Be3 a5 14. Rac1 Nc5
15. Rfd1 Re8 16. Nd5 Rb8 17. Qc2 Bxd5 18. cxd5 Rc8 19. Qd2 Qb6 20. b3 Qb4 21.
Qxb4 axb4 22. Bb5 Red8 23. Bd2 Ra8 24. Bxb4 Rxa2 25. Bxc5 dxc5 26. Rxc5 Be5 27.
Kh1 Rda8 1/2-1/2

[Event "DEM U14w 2015"]
[Site "Willingen GER"]
[Date "2015.05.25"]
[Round "3"]
[White "Flach, Helene"]
[Black "Suhr, Saskia"]
[Result "1-0"]
[Termination "normal"]
[Board "7"]
[WhiteElo "1702"]
[BlackElo "821"]
[PlyCount "95"]
[WhiteFideId "12929735"]
[BlackFideId "16208803"]
[EventCountry "GER"]
[EventRounds "9"]
[EventType "swiss"]
[EventDate "2015.05.23"]

1. e4 e5 2. Nf3 Nc6 3. Bb5 Nf6 4. d4 exd4 5. O-O Nxe4 6. Re1 f5 7. Ng5 Bb4 8.
Re2 Qe7 9. f3 Bc5 10. Bd3 d5 11. fxe4 dxe4 12. Kh1 h6 13. Nh3 Be6 14. Nf4 Qf6
15. Nxe6 Qxe6 16. Bb5 O-O-O 17. Nd2 g5 18. Nb3 Qe5 19. Bxc6 bxc6 20. Nxc5 Qxc5
21. Qe1 d3 22. cxd3 Rxd3 23. Be3 Qd6 24. Bxa7 Rd8 25. Qf2 Rd2 26. Qxf5+ Kb7 27.
Rxd2 Qxd2 28. Qf2 h5 29. b3 Rd5 30. Qxd2 Rxd2 31. Be3 Rd5 32. Kg1 Rf5 33. Rf1
Re5 34. Kf2 Rf5+ 35. Ke2 Rxf1 36. Kxf1 g4 37. Kf2 h4 38. Bg5 h3 39. gxh3 gxh3
40. Be3 Kc8 41. Kg3 Kd7 42. Kxh3 Ke6 43. Kg4 Kd5 44. h4 c5 45. Kf5 c4 46. bxc4+
Kxc4 47. Kxe4 c5 48. Bxc5 1-0

[Event "DEM U14w 2015"]
[Site "Willingen GER"]
[Date "2015.05.25"]
[Round "3"]
[White "Riegel, Arinna"]
[Black "Browning, Rebecca"]
[Result "1/2-1/2"]
[Termination "normal"]
[Board "8"]
[WhiteElo "1663"]
[BlackElo "1590"]
[PlyCount "52"]
[WhiteFideId "12931446"]
[BlackFideId "12984027"]
[EventCountry "GER"]
[EventRounds "9"]
[EventType "swiss"]
[EventDate "2015.05.23"]

1. e4 c5 2. Nf3 b6 3. c4 Bb7 4. Nc3 a6 5. d3 e6 6. Be3 Be7 7. Be2 Qc7 8. Rc1 d6
9. O-O Nf6 10. h3 Nbd7 11. Qc2 d5 12. exd5 exd5 13. cxd5 Nxd5 14. Nxd5 Bxd5 15.
d4 O-O 16. dxc5 bxc5 17. Ng5 g6 18. Rfd1 Qc6 19. Rxd5 Qxd5 20. Bf3 Qe5 21. Bxa8
Rxa8 22. Nf3 Qe6 23. b3 Rc8 24. Re1 Ne5 25. Nxe5 Qxe5 26. Qd3 Qf6 1/2-1/2

[Event "DEM U14w 2015"]
[Site "Willingen GER"]
[Date "2015.05.25"]
[Round "3"]
[White "Weimert, Miriam"]
[Black "Fesselier, Chelsea"]
[Result "1/2-1/2"]
[Termination "normal"]
[Board "9"]
[WhiteElo "1561"]
[BlackElo "1688"]
[PlyCount "57"]
[WhiteFideId "12966703"]
[BlackFideId "26024624"]
[EventCountry "GER"]
[EventRounds "9"]
[EventType "swiss"]
[EventDate "2015.05.23"]

1. e4 c5 2. Nf3 e6 3. d4 cxd4 4. Nxd4 a6 5. Bd3 d6 6. a4 Nf6 7. Nc3 Nbd7 8. Nb3
Be7 9. O-O O-O 10. Kh1 b6 11. f4 Bb7 12. Bd2 Re8 13. Qf3 Bf8 14. Qh3 g6 15.
Rae1 Bg7 16. f5 Ne5 17. Bh6 Qe7 18. Nd2 Nxd3 19. cxd3 exf5 20. Nf3 fxe4 21.
Bxg7 Kxg7 22. Nxe4 Nxe4 23. dxe4 Bxe4 24. Rxe4 Qxe4 25. Ng5 Qf5 26. Qxh7+ Kf8
27. Kg1 Qc5+ 28. Kh1 Qf5 29. Kg1 1/2-1/2

[Event "DEM U14w 2015"]
[Site "Willingen GER"]
[Date "2015.05.25"]
[Round "3"]
[White "Gauchel, Verena"]
[Black "Kümmel, Tina"]
[Result "1-0"]
[Termination "normal"]
[Board "11"]
[WhiteElo "1414"]
[BlackElo "1381"]
[PlyCount "119"]
[WhiteFideId "12988537"]
[BlackFideId "12979368"]
[EventCountry "GER"]
[EventRounds "9"]
[EventType "swiss"]
[EventDate "2015.05.23"]

1. d4 Nf6 2. Bf4 g6 3. e3 Bg7 4. Nd2 O-O 5. Be2 d6 6. Ngf3 Nbd7 7. h3 Re8 8.
O-O e5 9. Bg5 c6 10. c3 Qc7 11. Re1 h6 12. Bh4 d5 13. Bg3 Nh7 14. Qc2 Qb6 15.
Qb3 e4 16. Nh2 f5 17. c4 Nhf6 18. cxd5 cxd5 19. Rac1 a6 20. Rc3 Qe6 21. Rec1
Nb6 22. Be5 Nbd7 23. Bxf6 Nxf6 24. Nc4 b5 25. Ne5 Kh7 26. Rc6 Qe7 27. Rc7 Bd7
28. Nxd7 Nxd7 29. Qxd5 Red8 30. Qb3 Qe8 31. a4 bxa4 32. Qxa4 Nb6 33. Qxe8 Rxe8
34. R7c6 Reb8 35. Ra1 Nd5 36. Rc2 Nb4 37. Rd2 Kh8 38. Ra4 a5 39. d5 Rd8 40. d6
Be5 41. d7 Kg7 42. f3 exf3 43. Nxf3 Bf6 44. Nd4 Kf7 45. Bc4+ Ke7 46. Rxb4 Bxd4
47. Rb3 Rxd7 48. Rxd4 Rc7 49. Bd5 Rac8 50. Ra4 Rc5 51. Bf3 Re5 52. Rb7+ Kf6 53.
Ra3 Rcc5 54. b4 axb4 55. Ra6+ Re6 56. Rxe6+ Kxe6 57. Rxb4 Rc3 58. e4 Rc5 59.
exf5+ Rxf5 60. Bg4 1-0

[Event "DEM U14w 2015"]
[Site "Willingen GER"]
[Date "2015.05.25"]
[Round "3"]
[White "Höglauer, Jenny"]
[Black "Heil, Valerie"]
[Result "1-0"]
[Termination "normal"]
[Board "12"]
[WhiteElo "1487"]
[BlackElo "1087"]
[PlyCount "61"]
[WhiteFideId "12982598"]
[BlackFideId "16208790"]
[EventCountry "GER"]
[EventRounds "9"]
[EventType "swiss"]
[EventDate "2015.05.23"]

1. e4 e5 2. Nf3 Nc6 3. Bb5 d6 4. c3 f5 5. exf5 a6 6. Ba4 b5 7. Bc2 d5 8. O-O
Nf6 9. d3 Bxf5 10. Re1 Bd6 11. Bf4 e4 12. Bg5 O-O 13. Bxf6 Qxf6 14. dxe4 dxe4
15. Bxe4 Bxe4 16. Rxe4 Ne5 17. Qd5+ Kh8 18. Rxe5 Bxe5 19. Qxe5 Qxe5 20. Nxe5
Rad8 21. f3 Rd1+ 22. Kf2 Kg8 23. Kg3 Rf5 24. Nc6 Rg5+ 25. Kf2 Rh1 26. h4 Rxh4
27. Nd2 Rh6 28. Ne4 Rgh5 29. Nd4 c5 30. Ne2 Re6 31. Nf4 1-0

[Event "DEM U14w 2015"]
[Site "Willingen GER"]
[Date "2015.05.25"]
[Round "3"]
[White "Grey, Andrea"]
[Black "Albert, Eske"]
[Result "1-0"]
[Termination "normal"]
[Board "13"]
[WhiteElo "1424"]
[BlackElo "964"]
[PlyCount "153"]
[WhiteFideId "12971880"]
[BlackFideId "12991813"]
[EventCountry "GER"]
[EventRounds "9"]
[EventType "swiss"]
[EventDate "2015.05.23"]

1. Nf3 d5 2. d4 Nc6 3. b3 Nf6 4. Bb2 Bf5 5. a3 e6 6. e3 a6 7. c4 Be7 8. Bd3 Bg6
9. Nc3 Ne4 10. Qc2 Nd6 11. cxd5 exd5 12. Nxd5 O-O 13. Nxe7+ Nxe7 14. O-O Nb5
15. Bxg6 Nxg6 16. a4 Nd6 17. Rac1 Rc8 18. Qd3 Qd7 19. Rc3 c6 20. Ba3 Rfe8 21.
Bxd6 Qxd6 22. Rd1 Ne7 23. Ng5 Qg6 24. Qxg6 Nxg6 25. Rcd3 f6 26. Nf3 Rcd8 27. h3
Rd5 28. Ne1 f5 29. Nc2 Red8 30. Nb4 R5d6 31. d5 Ne5 32. R3d2 a5 33. Na2 Rxd5
34. Rxd5 Rxd5 35. Rxd5 cxd5 36. Nc3 Kf7 37. Nxd5 Ke6 38. Nc3 Kd6 39. Nb5+ Kc5
40. Nd4 g6 41. Kf1 Nc6 42. Nc2 b5 43. axb5 Kxb5 44. Ke2 Ne5 45. Kd2 a4 46.
bxa4+ Kxa4 47. Kc3 Kb5 48. Kd4 Nc4 49. Kd5 Nd2 50. f3 Nf1 51. e4 fxe4 52. fxe4
Ng3 53. e5 Nf5 54. Ke6 Kc5 55. g4 Ng7+ 56. Kf7 Ne8 57. Kxe8 Kd5 58. Kf7 Kxe5
59. Kg7 Kf4 60. Kxh7 Kg5 61. Nd4 Kf6 62. h4 g5 63. h5 Kf7 64. Nf3 Kf6 65. Nxg5
Kxg5 66. h6 Kf6 67. Kg8 Kg6 68. h7 Kg5 69. h8=Q Kf4 70. Qf6+ Kg3 71. Kf7 Kxg4
72. Ke6 Kg3 73. Ke5 Kg2 74. Ke4 Kg1 75. Qb2 Kf1 76. Kf3 Ke1 77. Qe2# 1-0

[Event "DEM U14w 2015"]
[Site "Willingen GER"]
[Date "2015.05.26"]
[Round "4"]
[White "Sanati, Charlotte"]
[Black "Mütsch, Annmarie"]
[Result "0-1"]
[Termination "normal"]
[Board "1"]
[WhiteElo "1862"]
[BlackElo "1868"]
[WhiteClock "00:13:58"]
[BlackClock "00:54:45"]
[PlyCount "110"]
[WhiteFideId "12907707"]
[BlackFideId "12971367"]
[EventCountry "GER"]
[EventRounds "9"]
[EventType "swiss"]
[EventDate "2015.05.23"]

1. e4 e5 2. Nf3 Nc6 3. Bb5 Nge7 4. c3 g6 5. d4 exd4 6. cxd4 a6 7. Ba4 Bg7 8.
O-O b5 9. Bc2 d5 10. Re1 O-O 11. h3 Rb8 12. exd5 Nxd5 13. Nc3 Nxc3 14. bxc3 Be6
15. Ng5 Bd5 16. a3 a5 17. Ne4 h6 18. Bb2 b4 19. axb4 axb4 20. cxb4 Nxb4 21. Bc3
Nxc2 22. Qxc2 f5 23. Ng3 Qh4 24. Kh2 Rfe8 25. Rab1 Rbc8 26. Qa4 Bf7 27. Qc6 Qd8
28. Rxe8+ Qxe8 29. Qxe8+ Rxe8 30. f3 c5 31. Rb6 cxd4 32. Bd2 Rd8 33. Ne2 Bc4
34. Nf4 g5 35. Ne6 Bxe6 36. Rxe6 Rc8 37. Re1 Rc2 38. Rd1 Kf7 39. Kg3 Be5+ 40.
Kf2 Bf4 41. Ke2 Rxd2+ 42. Rxd2 Bxd2 43. Kxd2 Ke6 44. g3 h5 45. Kc2 Kd6 46. Kd2
Kc5 47. Kd3 Kd5 48. h4 gxh4 49. gxh4 f4 50. Kd2 Kc4 51. Kc2 d3+ 52. Kd1 d2 53.
Kxd2 Kd4 54. Ke2 Kc3 55. Kf1 Kd3 0-1

[Event "DEM U14w 2015"]
[Site "Willingen GER"]
[Date "2015.05.26"]
[Round "4"]
[White "Reinecke, Katharina"]
[Black "Köhler, Inken"]
[Result "1/2-1/2"]
[Termination "normal"]
[Board "2"]
[WhiteElo "1745"]
[BlackElo "1777"]
[WhiteClock "00:13:39"]
[BlackClock "00:33:17"]
[PlyCount "50"]
[WhiteFideId "12929727"]
[BlackFideId "12929301"]
[EventCountry "GER"]
[EventRounds "9"]
[EventType "swiss"]
[EventDate "2015.05.23"]

1. d4 d5 2. c4 c6 3. Nf3 Nf6 4. e3 Bf5 5. cxd5 Nxd5 6. Nc3 e6 7. Bd2 Nd7 8. Be2
N7f6 9. Nh4 Bg6 10. Nxg6 hxg6 11. O-O Bd6 12. g3 Nxc3 13. Bxc3 Ne4 14. Rc1 Qg5
15. Kg2 Rxh2+ 16. Kxh2 Bxg3+ 17. fxg3 Qxg3+ 18. Kh1 Kd7 19. Rxf7+ Ke8 20. Rf3
Qh4+ 21. Kg1 Qg4+ 22. Kf1 Qh4 23. Bd3 Qh1+ 24. Ke2 Qg2+ 25. Ke1 Qg1+ 1/2-1/2

[Event "DEM U14w 2015"]
[Site "Willingen GER"]
[Date "2015.05.26"]
[Round "4"]
[White "Schneider, Jana"]
[Black "Walow, Xenia"]
[Result "1-0"]
[Termination "normal"]
[Board "3"]
[WhiteElo "2037"]
[BlackElo "1509"]
[WhiteClock "00:08:28"]
[BlackClock "00:12:27"]
[PlyCount "57"]
[WhiteFideId "12924997"]
[BlackFideId "12971839"]
[EventCountry "GER"]
[EventRounds "9"]
[EventType "swiss"]
[EventDate "2015.05.23"]

1. e4 d5 2. exd5 Qxd5 3. Nc3 Qd6 4. Bc4 c6 5. Nge2 Nf6 6. a3 Bf5 7. d3 e6 8.
O-O Qc7 9. Ng3 Bg6 10. Nce4 Nbd7 11. f4 Be7 12. f5 exf5 13. Nxf5 Bxf5 14. Rxf5
O-O 15. Qf3 Rac8 16. Bb3 Ne5 17. Qh3 Ng6 18. Ng5 h6 19. Ne4 Nxe4 20. dxe4 Nh4
21. Bf4 Qd8 22. Rh5 Ng6 23. Be3 Bd6 24. Rf1 b6 25. Rhf5 Rc7 26. Bxh6 gxh6 27.
Qxh6 Bc5+ 28. Kh1 Qd4 29. Rf6 1-0

[Event "DEM U14w 2015"]
[Site "Willingen GER"]
[Date "2015.05.26"]
[Round "4"]
[White "Rosenhain, Rachela"]
[Black "Schulze, Lara"]
[Result "0-1"]
[Termination "normal"]
[Board "4"]
[WhiteElo "1826"]
[BlackElo "1874"]
[WhiteClock "00:07:01"]
[BlackClock "00:01:01"]
[PlyCount "88"]
[WhiteFideId "12957615"]
[BlackFideId "12956830"]
[EventCountry "GER"]
[EventRounds "9"]
[EventType "swiss"]
[EventDate "2015.05.23"]

1. e4 e6 2. d4 d5 3. Nc3 Nf6 4. Bg5 Be7 5. e5 Nfd7 6. Bxe7 Qxe7 7. f4 a6 8. Nf3
c5 9. Bd3 Nc6 10. O-O cxd4 11. Ne2 Nc5 12. a3 Bd7 13. Nexd4 Rc8 14. Qd2 Na4 15.
b3 Nxd4 16. Nxd4 Nc3 17. Bc4 Ne4 18. Qe3 Qc5 19. Rfd1 Bc6 20. Be2 Qc3 21. Qxc3
Nxc3 22. Rd3 Nxe2+ 23. Nxe2 Bb5 24. Rc3 Rxc3 25. Nxc3 Kd7 26. a4 Rc8 27. axb5
Rxc3 28. bxa6 bxa6 29. Rxa6 Rxc2 30. Ra7+ Rc7 31. Ra2 Rb7 32. Rb2 Kc6 33. Kf2
Kc5 34. Ke3 Kb4 35. Kd2 Ka3 36. Kc2 Rc7+ 37. Kb1 Kb4 38. g3 Rc3 39. Ka2 d4 40.
Rd2 d3 41. Rb2 Rc1 42. Rf2 Re1 43. Rb2 Kc3 44. b4 Re2 0-1

[Event "DEM U14w 2015"]
[Site "Willingen GER"]
[Date "2015.05.26"]
[Round "4"]
[White "Reitz, Theresa"]
[Black "Flach, Helene"]
[Result "1/2-1/2"]
[Termination "normal"]
[Board "5"]
[WhiteElo "1485"]
[BlackElo "1702"]
[WhiteClock "00:16:07"]
[BlackClock "00:19:20"]
[PlyCount "64"]
[WhiteFideId "12971901"]
[BlackFideId "12929735"]
[EventCountry "GER"]
[EventRounds "9"]
[EventType "swiss"]
[EventDate "2015.05.23"]

1. e4 e5 2. Nf3 Nc6 3. Bc4 Bc5 4. c3 Nf6 5. d3 d6 6. h3 h6 7. Nbd2 Be6 8. Bb3
O-O 9. Nf1 Bb6 10. Ng3 d5 11. Qe2 Re8 12. Nh2 Na5 13. Ba4 Bd7 14. Bxd7 Qxd7 15.
Qf3 dxe4 16. dxe4 Re6 17. Nf5 Nh7 18. Bxh6 Rxh6 19. Nxh6+ gxh6 20. Qg3+ Kf8 21.
O-O f6 22. Ng4 Qg7 23. Qh4 Ng5 24. Rfe1 Nc4 25. Re2 Nd6 26. Rae1 Ndf7 27. Kh1
Rd8 28. Ne3 Nd6 29. Ng4 Ndf7 30. Ne3 Nd6 31. Ng4 Ndf7 32. Ne3 Nd6 1/2-1/2

[Event "DEM U14w 2015"]
[Site "Willingen GER"]
[Date "2015.05.26"]
[Round "4"]
[White "Browning, Rebecca"]
[Black "Weimert, Miriam"]
[Result "0-1"]
[Termination "normal"]
[Board "7"]
[WhiteElo "1590"]
[BlackElo "1561"]
[PlyCount "128"]
[WhiteFideId "12984027"]
[BlackFideId "12966703"]
[EventCountry "GER"]
[EventRounds "9"]
[EventType "swiss"]
[EventDate "2015.05.23"]

1. e4 c5 2. Nf3 e6 3. c4 d6 4. Be2 Nc6 5. Nc3 Nf6 6. d4 cxd4 7. Nxd4 Be7 8. O-O
O-O 9. Be3 a6 10. Nxc6 bxc6 11. Qb3 Qc7 12. Rad1 Rb8 13. Qc2 Bb7 14. f4 d5 15.
e5 Nd7 16. Rf3 f5 17. Rh3 g6 18. a3 Rf7 19. b4 a5 20. c5 axb4 21. axb4 Ba8 22.
Rb1 Rff8 23. Na4 Rb7 24. Bd2 Rfb8 25. Rhb3 Ra7 26. R3b2 Rab7 27. g3 Nf8 28. b5
Qd8 29. b6 Rd7 30. Qd3 Bb7 31. Qd4 Qc8 32. Ra2 Ra8 33. Rba1 Rd8 34. Nc3 Rxa2
35. Rxa2 Nd7 36. Na4 Qa8 37. Bb4 Qc8 38. Nc3 Nb8 39. Nb1 Ba6 40. Kf2 Bxe2 41.
Kxe2 Na6 42. Ba3 Qb7 43. Nd2 Ra8 44. Nb3 Nb8 45. Ra1 Qa6+ 46. Ke3 Qb5 47. Qd3
Qc4 48. Bb2 Rxa1 49. Bxa1 Bxc5+ 50. Nxc5 Qxc5+ 51. Bd4 Qc1+ 52. Qd2 Qa3+ 53.
Qc3 Qa6 54. Qa1 c5 55. Qxa6 cxd4+ 56. Kxd4 Nxa6 57. h3 Kf7 58. g4 Ke7 59. gxf5
gxf5 60. b7 Kd7 61. h4 Kc7 62. h5 h6 63. Kc3 Kxb7 64. Kd4 Kc6 0-1

[Event "DEM U14w 2015"]
[Site "Willingen GER"]
[Date "2015.05.26"]
[Round "4"]
[White "Manco, Michela"]
[Black "Gauchel, Verena"]
[Result "0-1"]
[Termination "normal"]
[Board "9"]
[WhiteElo "1607"]
[BlackElo "1414"]
[PlyCount "94"]
[WhiteFideId "12943908"]
[BlackFideId "12988537"]
[EventCountry "GER"]
[EventRounds "9"]
[EventType "swiss"]
[EventDate "2015.05.23"]

1. e4 c5 2. c3 Nf6 3. e5 Nd5 4. d4 cxd4 5. cxd4 d6 6. h3 Nc6 7. Nf3 a6 8. Bc4
dxe5 9. dxe5 Nb6 10. Qxd8+ Nxd8 11. Bb3 g6 12. Be3 Nd7 13. Bd4 e6 14. O-O Nc6
15. Bc3 Bg7 16. Re1 b5 17. a3 Bb7 18. Bc2 a5 19. b3 O-O 20. Bb2 b4 21. Be4 Nc5
22. Nbd2 Nxe4 23. Nxe4 Rfd8 24. Nc5 Rab8 25. Rac1 bxa3 26. Bxa3 Nb4 27. Nxb7
Rxb7 28. Rc3 Rdb8 29. Ree3 Nd5 30. Bd6 Ra8 31. Red3 Nxc3 32. Rxc3 Rd7 33. Rc6
Bf8 34. Bxf8 Kxf8 35. Rc3 h6 36. g3 a4 37. bxa4 Rxa4 38. Kg2 Ra2 39. Re3 Rb7
40. Re1 Rbb2 41. Rf1 Kg7 42. g4 f6 43. exf6+ Kxf6 44. Ne1 Ra3 45. Rh1 e5 46.
Rf1 e4 47. Kh2 Ra1 0-1

[Event "DEM U14w 2015"]
[Site "Willingen GER"]
[Date "2015.05.26"]
[Round "4"]
[White "Fesselier, Chelsea"]
[Black "Suhr, Saskia"]
[Result "1-0"]
[Termination "normal"]
[Board "10"]
[WhiteElo "1688"]
[BlackElo "821"]
[PlyCount "111"]
[WhiteFideId "26024624"]
[BlackFideId "16208803"]
[EventCountry "GER"]
[EventRounds "9"]
[EventType "swiss"]
[EventDate "2015.05.23"]

1. e4 c5 2. Nf3 Nc6 3. d4 cxd4 4. Nxd4 Nf6 5. Nc3 e5 6. Nde2 Bb4 7. Bd2 d6 8.
g3 Bg4 9. Bg2 O-O 10. h3 Be6 11. O-O Qd7 12. Kh2 h6 13. a3 Ba5 14. Be3 Ne7 15.
Qd3 Ng6 16. Nb5 a6 17. Nbc3 Rac8 18. Qd1 Rfd8 19. Rc1 b5 20. Bd2 Bxc3 21. Nxc3
d5 22. exd5 Nxd5 23. Qf3 Nxc3 24. Bxc3 Bd5 25. Qxd5 Qxd5 26. Bxd5 Rxd5 27. Rcd1
Rcd8 28. Rxd5 Rxd5 29. Re1 f5 30. Kg2 Kf7 31. f3 f4 32. g4 Nh4+ 33. Kf2 Kg6 34.
Rxe5 Rxe5 35. Bxe5 h5 36. Bxf4 hxg4 37. hxg4 Kf7 38. Be5 g5 39. Ke3 Ke6 40. Bc7
Kd5 41. Bd8 Ng2+ 42. Kf2 Nf4 43. Ke3 Ng2+ 44. Kd2 Nh4 45. Ke2 Kd4 46. Bxg5 Ng6
47. Be3+ Kc4 48. f4 a5 49. Bd2 b4 50. axb4 axb4 51. Ke3 b3 52. cxb3+ Kxb3 53.
Bc3 Ne7 54. f5 Nd5+ 55. Ke4 Nf6+ 56. Bxf6 1-0